000 00777nam a22002417a 4500
003 0
005 20241028074405.0
008 241028b xxu||||| |||| 00| 0 eng d
020 _a9781647285838
050 _aTK 5105.59
_b.L49 2024
100 _aLewis, Liam,
_eauthor.
245 _aFoundations of information security /
_cLiam Lewis.
260 _aForest Hills, NY :
_bWillford Press,
_c2024.
300 _avi, 216 p. :
_bill. ;
_c27 cm.
490 _aKnowledge series.
504 _aIncludes bibliographical references and index.
650 _aComputer networks
_vSecurity measures.
650 _aComputer security.
650 _aData protection.
650 _aInformation technology
_vSecurity measures.
650 _aInternet
_vSecurity measures.
942 _2lcc
_cBK
999 _c366633
_d366633